000 01290cam a2200373 i 4500
999 _c10228
_d10228
001 vtls000139436
003 NUKAT
005 20181120133610.0
008 030510s1979 pl a f f |000 0 pol c
035 _azz2003887365
039 9 _a201703291320
_bvpbwgd
_c201608221416
_dvwsztar
_c201603021231
_dvuekat
_c201504131528
_dvagh
040 _aWR U/Chm
_cWR U/kl
_dWR U/jcs
_dWR U/dl
100 1 _aPiszczała, Janusz
_d(1943- ).
245 1 0 _aMatematyka z zadaniami /
_cJanusz Piszczała, Maria Piszczała, Barbara Wojcieszyn.
260 _aWarszawa ;
_aPoznań :
_bPaństwowe Wydaw. Naukowe,
_c1979.
300 _a439, [1] s. :
_bil. ;
_c24 cm.
521 8 _aDla studentów akademii ekonomicznych.
650 _aMatematyka
_vzadania i ćwiczenia.
700 1 _aPiszczała, Maria.
700 1 _aWojcieszyn, Barbara.
710 2 _aPaństwowe Wydawnictwo Naukowe (1951-1992).
_4pbl
_9995
942 _2ddc
_cBK
960 _aGD_101